[Event "Hessen Senioren-ch 2012  8th"]
[Site "Bad Sooden-Adf. (14.4.-22.4)"]
[Date "2012.04.16"]
[Round "3.38"]
[White "Stuiber, WIlhelm"]
[Black "Hampel, Johannes"]
[Result "1/2-1/2"]
[WhiteElo "1642"]
[BlackElo "1950"]
[PlyCount "64"]
[EventDate "2012.04.??"]
[EventType "swiss"]
[EventRounds "9"]
[EventCountry "GER"]
[WhiteTeam "Euskirchen SK"]
[BlackTeam "Dresden-Leuben SV"]

1. e3 d5 2. d4 Nf6 3. Bd3 e6 4. f4 c5 5. c3 Bd6 6. Nf3 O-O 7. O-O Nbd7 8. Ne5
Ne4 9. Nd2 Ndf6 10. Qc2 Nxd2 11. Bxd2 b6 12. Be1 c4 13. Be2 Ne4 14. Ng4 Bb7 15.
Nf2 Nxf2 16. Bxf2 b5 17. g4 Bc6 18. b4 a5 19. a3 f6 20. Bg3 Rf7 21. Bf3 f5 22.
g5 Rfa7 23. Rab1 axb4 24. axb4 Ra3 25. Rb2 Be8 26. Rc1 R8a7 27. Qd2 Qa8 28. Be1
Ra2 29. Rxa2 Rxa2 30. Rc2 Ra1 31. Kg2 Qa3 32. Bf2 Qb3 1/2-1/2

[Event "Hessen Senioren-ch 2012  8th"]
[Site "Bad Sooden-Adf. (14.4.-22.4)"]
[Date "2012.04.16"]
[Round "3.39"]
[White "Gousseinov, Aguif"]
[Black "Berger, Eduard"]
[Result "1-0"]
[WhiteElo "1935"]
[BlackElo "1677"]
[PlyCount "89"]
[EventDate "2012.04.??"]
[EventType "swiss"]
[EventRounds "9"]
[EventCountry "GER"]
[WhiteTeam "FRA/Paris"]
[BlackTeam "Stadtallendorf SK"]
[WhiteTeamCountry "FRA"]

1. e4 c5 2. Nc3 Nc6 3. Bb5 Nd4 4. Bc4 a6 5. d3 e6 6. a3 g6 7. f4 Bg7 8. Nf3 Ne7
9. Ba2 d5 10. e5 Nef5 11. O-O b5 12. Ne2 Nxf3+ 13. Rxf3 d4 14. Ng3 Bb7 15. Ne4
Bxe4 16. dxe4 Ne7 17. c3 Nc6 18. cxd4 Nxd4 19. Rd3 Qb6 20. Be3 Bf8 21. b4 Nc6
22. Rc1 Rc8 23. Bxc5 Bxc5+ 24. Rxc5 O-O 25. Kf1 Rfd8 26. Rd6 Qb7 27. Rcxc6 Qxc6
28. Rxd8+ Kg7 29. Rd4 Qc3 30. Rd3 Qb2 31. Rd2 Qxa3 32. Qb3 Qc1+ 33. Ke2 Qg1 34.
Qf3 Rc1 35. Qf2 Qh1 36. f5 Qxh2 37. fxe6 fxe6 38. Rd7+ Kh6 39. Qe3+ g5 40. Qxc1
Qxg2+ 41. Kd3 Qf3+ 42. Qe3 Qd1+ 43. Qd2 Qf3+ 44. Kd4 Qf1 45. Qh2+ 1-0

[Event "Hessen Senioren-ch 2012  8th"]
[Site "Bad Sooden-Adf. (14.4.-22.4)"]
[Date "2012.04.16"]
[Round "3.40"]
[White "Schuetze, Manfred(41)"]
[Black "Kahn, Peter"]
[Result "0-1"]
[WhiteElo "1633"]
[BlackElo "1952"]
[PlyCount "94"]
[EventDate "2012.04.??"]
[EventType "swiss"]
[EventRounds "9"]
[EventCountry "GER"]
[WhiteTeam "Gräfenhainichen VfL"]
[BlackTeam "Siebenlehner SV"]

1. e4 e5 2. Nf3 Nc6 3. Bb5 g6 4. d4 exd4 5. Bg5 Be7 6. Bxe7 Qxe7 7. Bxc6 dxc6
8. Qxd4 Nf6 9. Nc3 O-O 10. O-O-O Bg4 11. Qe3 Rfe8 12. Rhe1 b6 13. Qg5 Rad8 14.
Rxd8 Rxd8 15. Nd2 Be6 16. f3 Nd5 17. Qxe7 Nxe7 18. f4 f6 19. Nf3 Kg7 20. Rd1
Rxd1+ 21. Nxd1 c5 22. Ne3 b5 23. b3 Nc6 24. c3 a5 25. Kb2 Ne7 26. c4 c6 27. Kc3
Nc8 28. e5 Ne7 29. exf6+ Kxf6 30. Ne5 Bf5 31. Nxf5 Kxf5 32. Nd3 Ke4 33. Nxc5+
Kxf4 34. Nb7 Ke3 35. cxb5 cxb5 36. Nxa5 Nd5+ 37. Kb2 h5 38. Nb7 b4 39. Nc5 Kf2
40. a4 bxa3+ 41. Kxa3 Kxg2 42. Kb2 Kxh2 43. Kc2 Kg2 44. Kd2 h4 45. Ke2 h3 46.
Nd3 h2 47. Nf2 g5 0-1

[Event "Hessen Senioren-ch 2012  8th"]
[Site "Bad Sooden-Adf. (14.4.-22.4)"]
[Date "2012.04.16"]
[Round "3.41"]
[White "Petzold, Hans ProfDr"]
[Black "Gelzinnus, Siegfried"]
[Result "1-0"]
[WhiteElo "1996"]
[BlackElo "1615"]
[PlyCount "71"]
[EventDate "2012.04.??"]
[EventType "swiss"]
[EventRounds "9"]
[EventCountry "GER"]
[WhiteTeam "Dresden TU USV"]
[BlackTeam "Wetzlar Anderssen Sfr."]

1. e4 c6 2. d4 d5 3. Nc3 dxe4 4. Nxe4 Nf6 5. Nxf6+ exf6 6. Bf4 Be7 7. Qd2 Bf5
8. O-O-O O-O 9. h4 Nd7 10. f3 Nb6 11. Bd3 Bxd3 12. Qxd3 Nd5 13. Bd2 Nb4 14.
Bxb4 Bxb4 15. Ne2 Be7 16. Kb1 b5 17. Rhe1 Re8 18. h5 Bf8 19. Ng3 Qd7 20. Ne4
Qe6 21. Ng5 fxg5 22. Rxe6 Rxe6 23. Qd2 h6 24. Re1 Rd6 25. c3 Rad8 26. b4 Rd5
27. Qc2 Bd6 28. Re4 c5 29. bxc5 Bxc5 30. dxc5 Rd1+ 31. Kb2 R8d3 32. Re8+ Kh7
33. Re3 R1d2 34. Rxd3 Rxc2+ 35. Kxc2 g6 36. c6 1-0

[Event "Hessen Senioren-ch 2012  8th"]
[Site "Bad Sooden-Adf. (14.4.-22.4)"]
[Date "2012.04.16"]
[Round "3.42"]
[White "Romanow, Werner"]
[Black "Janzen, Christian(36)"]
[Result "1/2-1/2"]
[WhiteElo "1961"]
[BlackElo "1619"]
[PlyCount "109"]
[EventDate "2012.04.??"]
[EventType "swiss"]
[EventRounds "9"]
[EventCountry "GER"]
[WhiteTeam "Merseburg SV"]
[BlackTeam "Berlin Marienfelde TSV"]

1. c4 e6 2. Nf3 d5 3. e3 Nd7 4. Nc3 c6 5. b3 Ngf6 6. Bb2 Be7 7. Qc2 a6 8. Be2
b6 9. d4 Bb7 10. O-O O-O 11. cxd5 cxd5 12. Bd3 Rc8 13. Qe2 b5 14. Rac1 Ne4 15.
Nd2 f5 16. Ncxe4 fxe4 17. Bb1 Rf6 18. f3 exf3 19. Nxf3 Bd6 20. Rxc8 Bxc8 21. e4
Bf4 22. e5 Rf7 23. Bc1 Bxc1 24. Rxc1 Nf8 25. Qc2 Bb7 26. h4 g6 27. Ng5 Rg7 28.
Rf1 Bc8 29. Qf2 Qe7 30. Rc1 Bb7 31. Bd3 h6 32. Nf3 Rf7 33. Qe3 Kg7 34. g4 Qd8
35. Kg2 Rc7 36. Kg3 Qc8 37. Rxc7+ Qxc7 38. Qf4 Nh7 39. Qd2 Bc8 40. Kh3 Bd7 41.
Bb1 Be8 42. Qc2 Qxc2 43. Bxc2 Nf8 44. Kg3 Nd7 45. Kf4 Nb8 46. Ke3 a5 47. Ne1
Na6 48. Bb1 g5 49. h5 Kf8 50. Nd3 Ke7 51. Nc5 Nxc5 52. dxc5 Bc6 53. Kd4 b4 54.
Bd3 Kd8 55. Ke3 1/2-1/2

[Event "Hessen Senioren-ch 2012  8th"]
[Site "Bad Sooden-Adf. (14.4.-22.4)"]
[Date "2012.04.16"]
[Round "3.43"]
[White "Limberg, Siegfried"]
[Black "Otto, Klaus(41)"]
[Result "1-0"]
[WhiteElo "1980"]
[BlackElo "1577"]
[PlyCount "71"]
[EventDate "2012.04.??"]
[EventType "swiss"]
[EventRounds "9"]
[EventCountry "GER"]
[WhiteTeam "Königstein/Schwalbach Sfr."]
[BlackTeam "Triebes Thüringer SV"]

1. d4 Nf6 2. c4 e5 3. dxe5 Ng4 4. Nf3 Nc6 5. Bf4 Bb4+ 6. Nc3 Qe7 7. Rc1 Ngxe5
8. e3 d6 9. Be2 O-O 10. O-O a6 11. Nd5 Qd8 12. Nxe5 dxe5 13. Bxe5 Nxe5 14. Nxb4
Be6 15. f4 Qxd1 16. Rfxd1 c5 17. Nd5 Bg4 18. Bxg4 Nxg4 19. h3 Nh6 20. g4 f6 21.
Kf2 Rfd8 22. Nb6 Rab8 23. Rd5 Nf7 24. Rcd1 Rxd5 25. Rxd5 Rd8 26. Nd7 b5 27.
Nxc5 Rxd5 28. cxd5 a5 29. e4 Nd6 30. b3 a4 31. Ke3 axb3 32. axb3 Kf7 33. e5 Nc8
34. d6 Nb6 35. e6+ Ke8 36. Kd4 1-0

[Event "Hessen Senioren-ch 2012  8th"]
[Site "Bad Sooden-Adf. (14.4.-22.4)"]
[Date "2012.04.16"]
[Round "3.44"]
[White "Heinzel, Peter"]
[Black "Burkardt, Robert"]
[Result "1-0"]
[WhiteElo "1907"]
[BlackElo "1521"]
[PlyCount "43"]
[EventDate "2012.04.??"]
[EventType "swiss"]
[EventRounds "9"]
[EventCountry "GER"]
[WhiteTeam "Mülheim 08/25 SV"]
[BlackTeam "Fechenheim SV"]

1. b4 e5 2. Bb2 d6 3. e3 Nf6 4. c4 b6 5. Nf3 Be7 6. Nc3 Bb7 7. Be2 O-O 8. O-O
h6 9. d4 exd4 10. Nxd4 Nbd7 11. Bf3 Bxf3 12. Qxf3 Ne5 13. Qe2 Qc8 14. Nd5 Re8
15. Nb5 Bd8 16. Rac1 a6 17. Nd4 c5 18. bxc5 dxc5 19. Nf3 Nxf3+ 20. Qxf3 Nxd5
21. Qxd5 Qe6 22. Qxa8 1-0

[Event "Hessen Senioren-ch 2012  8th"]
[Site "Bad Sooden-Adf. (14.4.-22.4)"]
[Date "2012.04.16"]
[Round "3.45"]
[White "Papenkordt, Karl-Hermann"]
[Black "Weyrauch, Erich"]
[Result "0-1"]
[WhiteElo "1628"]
[BlackElo "1989"]
[PlyCount "72"]
[EventDate "2012.04.??"]
[EventType "swiss"]
[EventRounds "9"]
[EventCountry "GER"]
[WhiteTeam "Witten SG"]
[BlackTeam "Letmathe SV"]

1. c4 e5 2. Nc3 f5 3. Nf3 Nc6 4. d4 e4 5. d5 Nce7 6. Nd4 Nf6 7. Bg5 d6 8. e3
Ng6 9. Be2 Be7 10. O-O Nxd5 11. Bxe7 Ndxe7 12. f3 exf3 13. Nxf3 O-O 14. Qb3 Kh8
15. Rad1 b6 16. e4 Nc6 17. exf5 Bxf5 18. Nd5 Qd7 19. Bd3 Bxd3 20. Qxd3 Nce5 21.
Nxe5 Nxe5 22. Qd4 Rxf1+ 23. Rxf1 c6 24. Nc3 Qe6 25. b3 Ng4 26. Qf4 Nf6 27. Rd1
Rd8 28. h3 h6 29. Qf3 Qe5 30. Rd3 d5 31. cxd5 cxd5 32. a4 Rc8 33. g4 Rc5 34.
Kg2 d4 35. Nd1 Rc2+ 36. Nf2 Ne4 0-1

[Event "Hessen Senioren-ch 2012  8th"]
[Site "Bad Sooden-Adf. (14.4.-22.4)"]
[Date "2012.04.16"]
[Round "3.46"]
[White "Peleikis, Horst"]
[Black "Strozewski, Guenter"]
[Result "1-0"]
[WhiteElo "1973"]
[BlackElo "1526"]
[PlyCount "89"]
[EventDate "2012.04.??"]
[EventType "swiss"]
[EventRounds "9"]
[EventCountry "GER"]
[WhiteTeam "Lister Turm SK"]
[BlackTeam "Erkenschwick SV"]

1. e4 e5 2. Nf3 d5 3. exd5 e4 4. Qe2 Nf6 5. d3 Qxd5 6. Nbd2 Bf5 7. Nxe4 Bxe4 8.
Nd2 Bb4 9. f3 Bxd2+ 10. Bxd2 Nc6 11. dxe4 Qe6 12. Qc4 Qd6 13. O-O-O O-O-O 14.
Be2 Nd4 15. Be3 Nxe2+ 16. Qxe2 Qe6 17. Kb1 a6 18. Bg5 Qe5 19. Qe3 Kb8 20. Bf4
Qb5 21. Qc3 Qb6 22. a4 Rc8 23. e5 Nh5 24. Be3 Qg6 25. g4 Rhe8 26. gxh5 Qxh5 27.
Bf4 g5 28. Bg3 Re6 29. Rd4 Qg6 30. Qd3 Qg8 31. Rd1 h5 32. h3 Qf8 33. Rd8 Re8
34. Rd7 Re6 35. Qf5 Re7 36. Qxg5 Rxd7 37. Rxd7 Qc5 38. Qf4 Rg8 39. Bh4 Rg1+ 40.
Ka2 b6 41. Rd8+ Ka7 42. Qe4 c6 43. Rd7+ Kb8 44. Bf2 Qxf2 45. Qxc6 1-0

[Event "Hessen Senioren-ch 2012  8th"]
[Site "Bad Sooden-Adf. (14.4.-22.4)"]
[Date "2012.04.16"]
[Round "3.47"]
[White "Fromme, Werner"]
[Black "Reinhold, Klaus Dr(44)"]
[Result "0-1"]
[WhiteElo "1653"]
[BlackElo "1952"]
[PlyCount "72"]
[EventDate "2012.04.??"]
[EventType "swiss"]
[EventRounds "9"]
[EventCountry "GER"]
[WhiteTeam "Witten SG"]
[BlackTeam "Gronau 1920 SC"]

1. d4 d5 2. Nf3 Nf6 3. e3 Bg4 4. Be2 e6 5. c4 dxc4 6. Qa4+ c6 7. Qxc4 Nbd7 8.
a4 a5 9. Nc3 Bb4 10. O-O O-O 11. h3 Bh5 12. Rd1 Qe7 13. Ne1 Bxe2 14. Qxe2 Nd5
15. Bd2 N5b6 16. e4 e5 17. Nf3 exd4 18. Nxd4 Rfe8 19. Nf5 Qe6 20. Qg4 Qg6 21.
Qxg6 hxg6 22. Ng3 Nc5 23. Be3 Ncd7 24. Bxb6 Nxb6 25. Nge2 Rad8 26. b3 Nd7 27.
f3 Nc5 28. Rab1 Rxd1+ 29. Nxd1 Rd8 30. Nf2 Rd2 31. Kf1 Kf8 32. Ng4 Rd3 33. Ne5
Rxb3 34. Rxb3 Nxb3 35. Nd7+ Ke7 36. Nb6 Nd2+ 0-1

[Event "Hessen Senioren-ch 2012  8th"]
[Site "Bad Sooden-Adf. (14.4.-22.4)"]
[Date "2012.04.16"]
[Round "3.48"]
[White "Nagorni, Walter"]
[Black "Zoll, Theo"]
[Result "1/2-1/2"]
[WhiteElo "1905"]
[BlackElo "1540"]
[PlyCount "66"]
[EventDate "2012.04.??"]
[EventType "swiss"]
[EventRounds "9"]
[EventCountry "GER"]
[WhiteTeam "Lister Turm SK"]
[BlackTeam "Göttingen Rot-Weiß ESV"]

1. Nf3 d5 2. d4 Nf6 3. g3 Bf5 4. Bg2 h6 5. O-O e6 6. c4 c6 7. Nc3 Nbd7 8. b3
Ne4 9. Bb2 Qa5 10. Nxe4 Bxe4 11. a3 Qc7 12. Rc1 Be7 13. cxd5 exd5 14. Bh3 O-O
15. Nd2 Bg6 16. Bg2 Nf6 17. f3 Qd7 18. e4 dxe4 19. fxe4 Rad8 20. b4 Bh5 21. Qe1
Rfe8 22. h3 Bf8 23. Qf2 Bg6 24. Rfe1 Nh7 25. Kh2 Ng5 26. h4 Nh7 27. Nc4 Nf6 28.
Bh3 Ng4+ 29. Bxg4 Qxg4 30. Ne5 Qe6 31. d5 cxd5 32. exd5 Qf5 33. Qg2 Bd6 1/2-1/2

[Event "Hessen Senioren-ch 2012  8th"]
[Site "Bad Sooden-Adf. (14.4.-22.4)"]
[Date "2012.04.16"]
[Round "3.49"]
[White "Jung, Michael Prof(40)"]
[Black "Schirmer, Werner"]
[Result "1/2-1/2"]
[WhiteElo "1621"]
[BlackElo "1920"]
[PlyCount "85"]
[EventDate "2012.04.??"]
[EventType "swiss"]
[EventRounds "9"]
[EventCountry "GER"]
[WhiteTeam "Osnabrück SV"]
[BlackTeam "Hamburger SK"]

1. c4 Nf6 2. Nc3 g6 3. g3 Bg7 4. Bg2 O-O 5. e4 d6 6. Nge2 c5 7. O-O Nc6 8. d3
Bd7 9. h3 a6 10. Be3 Rb8 11. Qd2 b5 12. cxb5 axb5 13. Bh6 Qa5 14. Bxg7 Kxg7 15.
a3 Nd4 16. Qd1 b4 17. axb4 Qxb4 18. Ra2 Be6 19. Nd5 Nxd5 20. exd5 Bf5 21. g4
Bd7 22. Nxd4 Qxd4 23. Qc2 Bb5 24. Rd1 Ra8 25. Rxa8 Rxa8 26. Qc3 Qxc3 27. bxc3
Ra3 28. c4 Ba4 29. Rd2 Kf6 30. h4 h6 31. f4 g5 32. fxg5+ hxg5 33. h5 Bd7 34.
Bf3 Kg7 35. Kf2 f5 36. gxf5 Bxf5 37. Ke3 Kh6 38. Be2 Ra8 39. Rd1 Rg8 40. Rf1
Bd7 41. Rf7 Rg7 42. Rf8 g4 43. Rh8+ 1/2-1/2

[Event "Hessen Senioren-ch 2012  8th"]
[Site "Bad Sooden-Adf. (14.4.-22.4)"]
[Date "2012.04.16"]
[Round "3.50"]
[White "Groener, Marga"]
[Black "Josting, Friedel"]
[Result "0-1"]
[WhiteElo "1333"]
[BlackElo "1785"]
[PlyCount "68"]
[EventDate "2012.04.??"]
[EventType "swiss"]
[EventRounds "9"]
[EventCountry "GER"]
[WhiteTeam "Freibauer Wedemark"]
[BlackTeam "Bünde 1945 SG"]

1. d4 d5 2. Bf4 e6 3. e3 Nf6 4. Bd3 Bd6 5. Bxd6 Qxd6 6. c3 Nbd7 7. Nd2 e5 8.
dxe5 Nxe5 9. Be2 Bf5 10. Ndf3 Ned7 11. Nd4 Bg6 12. Ngf3 c5 13. Nb5 Qb6 14. Qc1
a6 15. Na3 O-O 16. O-O h6 17. Rd1 c4 18. h3 Rfe8 19. Nc2 Nc5 20. Nce1 Rad8 21.
Nd4 Nfe4 22. Bf1 Qf6 23. Ndf3 Qb6 24. Nd4 Bh5 25. Be2 Bg6 26. Nef3 Na4 27. Rb1
Nec5 28. Nc2 Bd3 29. Nfd4 Bxe2 30. Nxe2 Nd3 31. Qd2 Nac5 32. Nb4 Ne4 33. Qc2
Nexf2 34. Rf1 Qxe3 0-1

[Event "Hessen Senioren-ch 2012  8th"]
[Site "Bad Sooden-Adf. (14.4.-22.4)"]
[Date "2012.04.16"]
[Round "3.51"]
[White "Gerhardt, Peter-Michael"]
[Black "Dinius, Helmut"]
[Result "1-0"]
[WhiteElo "1916"]
[BlackElo "1475"]
[PlyCount "57"]
[EventDate "2012.04.??"]
[EventType "swiss"]
[EventRounds "9"]
[EventCountry "GER"]
[WhiteTeam "Vahr SC"]
[BlackTeam "Ludwigsstadt TSV"]

1. d4 d5 2. c4 e6 3. Nc3 c6 4. e4 dxe4 5. Nxe4 Be7 6. Nf3 Nf6 7. Bd3 Nxe4 8.
Bxe4 h6 9. O-O O-O 10. Be3 Na6 11. Rc1 Nc7 12. Bb1 Ne8 13. Qc2 f5 14. Rcd1 Qc7
15. Ne5 Kh7 16. Qe2 g6 17. Qd2 g5 18. Qe2 Ng7 19. f4 Kg8 20. h3 Qd8 21. Qd2
gxf4 22. Bxf4 Bg5 23. Ng6 Re8 24. h4 Bxf4 25. Qxf4 Kh7 26. Ne5 Nh5 27. Qg4 Nf6
28. Qg6+ Kh8 29. Nf7# 1-0

[Event "Hessen Senioren-ch 2012  8th"]
[Site "Bad Sooden-Adf. (14.4.-22.4)"]
[Date "2012.04.16"]
[Round "3.52"]
[White "Viererbe, Hartmut"]
[Black "Bachmann, Rolf"]
[Result "0-1"]
[WhiteElo "1607"]
[BlackElo "1933"]
[PlyCount "86"]
[EventDate "2012.04.??"]
[EventType "swiss"]
[EventRounds "9"]
[EventCountry "GER"]
[WhiteTeam "Nordhausen 51 SC"]
[BlackTeam "Hamm SVg"]

1. Nf3 d5 2. c4 e6 3. e3 c6 4. b3 f5 5. Bb2 Nf6 6. Qc2 g6 7. Be2 Bg7 8. O-O O-O
9. d3 Bd7 10. Nbd2 a5 11. a4 Na6 12. Bc3 Nb4 13. Qb2 Qe7 14. Ne5 Be8 15. f4 h6
16. Ndf3 Nh7 17. g3 g5 18. Rf2 Bf6 19. Rg2 g4 20. Nd2 h5 21. Nf1 Bg7 22. Rc1
Nf6 23. Nd2 Kh7 24. Bf1 Bg6 25. Re2 Rfd8 26. Bg2 Be8 27. c5 Nd7 28. Nxd7 Nxd3
29. Qc2 Nxc1 30. Qxc1 Bxd7 31. Bd4 e5 32. fxe5 Bxe5 33. Bf1 Re8 34. Qc3 Kg6 35.
Rf2 Qf6 36. Bd3 Bxd4 37. exd4 h4 38. Nf1 h3 39. Rf4 Re7 40. Rxg4+ Kf7 41. Rf4
Rg8 42. Qc2 Re4 43. Bxe4 Qxd4+ 0-1

[Event "Hessen Senioren-ch 2012  8th"]
[Site "Bad Sooden-Adf. (14.4.-22.4)"]
[Date "2012.04.16"]
[Round "3.53"]
[White "Hegner, Peter"]
[Black "Kaufmann, Helmut(33)"]
[Result "1/2-1/2"]
[WhiteElo "1570"]
[BlackElo "1897"]
[PlyCount "83"]
[EventDate "2012.04.??"]
[EventType "swiss"]
[EventRounds "9"]
[EventCountry "GER"]
[WhiteTeam "Bad Soden SC"]
[BlackTeam "Eutingen SK"]

1. e4 g6 2. d4 Bg7 3. Nc3 d6 4. Nf3 Nc6 5. Bb5 Bd7 6. O-O e5 7. Bxc6 Bxc6 8. d5
Bd7 9. Bg5 f6 10. Be3 Ne7 11. Re1 O-O 12. h3 h6 13. Nh2 f5 14. f3 f4 15. Bf2 g5
16. Rf1 Bf6 17. g4 fxg3 18. Bxg3 Bxh3 19. Rf2 Ng6 20. Ng4 h5 21. Nxf6+ Qxf6 22.
Qe1 Bd7 23. Qe2 a6 24. Nd1 Nf4 25. Bxf4 exf4 26. Rh2 Qg6 27. Nf2 Rae8 28. Kh1
Kf7 29. Rg1 Rh8 30. Nh3 Bxh3 31. Rxh3 Qf6 32. c3 Reg8 33. Qc4 Rc8 34. Qe2 Ke7
35. Re1 Qe5 36. Qh2 g4 37. fxg4 hxg4 38. Rh7+ Rxh7 39. Qxh7+ Kf6 40. Qh6+ Kf7
41. Qh7+ Kf8 42. Qh6+ 1/2-1/2

[Event "Hessen Senioren-ch 2012  8th"]
[Site "Bad Sooden-Adf. (14.4.-22.4)"]
[Date "2012.04.16"]
[Round "3.54"]
[White "Noble, Alexander"]
[Black "Knaak, Hans"]
[Result "1-0"]
[WhiteElo "1939"]
[BlackElo "1582"]
[PlyCount "58"]
[EventDate "2012.04.??"]
[EventType "swiss"]
[EventRounds "9"]
[EventCountry "GER"]
[WhiteTeam "Bad Nauheim SC"]
[BlackTeam "Forster 95 SC"]

1. e4 c5 2. Nc3 d6 3. f4 g6 4. Bc4 Nf6 5. Nf3 Bg4 6. h3 Bxf3 7. Bb5+ Nfd7 8.
Qxf3 Nc6 9. Bxc6 bxc6 10. O-O Bg7 11. d3 O-O 12. Bd2 Nb6 13. b3 Qc7 14. Rae1 e6
15. f5 d5 16. f6 Bh8 17. e5 Nd7 18. Bf4 Rab8 19. g4 Qa5 20. Na4 Nb6 21. Nxb6
axb6 22. a4 b5 23. Ra1 Qc3 24. Qf2 bxa4 25. Rxa4 Ra8 26. Qd2 Qxd2 27. Bxd2 Rxa4
28. bxa4 Rb8 29. a5 Rb2 1-0

[Event "Hessen Senioren-ch 2012  8th"]
[Site "Bad Sooden-Adf. (14.4.-22.4)"]
[Date "2012.04.16"]
[Round "3.55"]
[White "Lippmann, Ulrich"]
[Black "Fuchs, Manfred(38)"]
[Result "1-0"]
[WhiteElo "1890"]
[BlackElo "1523"]
[PlyCount "64"]
[EventDate "2012.04.??"]
[EventType "swiss"]
[EventRounds "9"]
[EventCountry "GER"]
[WhiteTeam "Papenburg SC"]
[BlackTeam "Erkrath 1973 SC"]

1. Nf3 d5 2. b3 Bg4 3. e3 Nd7 4. Be2 Ngf6 5. Bb2 Bxf3 6. Bxf3 e5 7. d3 Bd6 8.
Nd2 c6 9. O-O O-O 10. c4 Rc8 11. Qc2 Re8 12. Rfd1 Qe7 13. Rac1 Qf8 14. g3 Ba3
15. Bg2 Bxb2 16. Qxb2 Nc5 17. Qb1 Ne6 18. Nf3 Nc7 19. Qc2 Qe7 20. d4 e4 21. Nd2
Ng4 22. cxd5 Nxd5 23. Qxe4 Qxe4 24. Nxe4 Ndxe3 25. fxe3 Nxe3 26. Re1 Nxg2 27.
Kxg2 f5 28. Ng5 h6 29. Nf3 Re4 30. Rcd1 Rce8 31. Kf2 g5 32. Rxe4 fxe4 1-0

[Event "Hessen Senioren-ch 2012  8th"]
[Site "Bad Sooden-Adf. (14.4.-22.4)"]
[Date "2012.04.16"]
[Round "3.56"]
[White "Papapostolou, Christos"]
[Black "Hielscher, Klaus-Wieprecht"]
[Result "1-0"]
[WhiteElo "1933"]
[BlackElo "1545"]
[PlyCount "70"]
[EventDate "2012.04.??"]
[EventType "swiss"]
[EventRounds "9"]
[EventCountry "GER"]
[WhiteTeam "Bad Sooden-Allendorf SK"]
[BlackTeam "Braunschweiger SF"]

1. Nf3 c5 2. e4 e6 3. d4 cxd4 4. Nxd4 Nf6 5. Bd3 a6 6. O-O d6 7. Qe2 Nc6 8.
Nxc6 bxc6 9. c4 e5 10. Nc3 Be7 11. Be3 O-O 12. f3 Nh5 13. Bc2 Nf4 14. Qf2 Bh4
15. Qd2 Ne6 16. Rfd1 Be7 17. Qf2 Rb8 18. Ba4 Qc7 19. Rab1 Nf4 20. Bc2 Be6 21.
b3 Qd8 22. Na4 Bh4 23. Qd2 Qg5 24. Kh1 Qh6 25. Kg1 Bg5 26. Kh1 Ra8 27. g3 Nh3
28. Bxg5 Nxg5 29. Qe3 Qf6 30. Rf1 Bh3 31. Rf2 Ne6 32. f4 Qh6 33. Re1 c5 34. Rg1
Nd4 35. Bd3 f5 1-0

[Event "Hessen Senioren-ch 2012  8th"]
[Site "Bad Sooden-Adf. (14.4.-22.4)"]
[Date "2012.04.16"]
[Round "3.57"]
[White "Narr, Irmgard"]
[Black "Kotlar, Alfred"]
[Result "0-1"]
[WhiteElo "1485"]
[BlackElo "1825"]
[PlyCount "143"]
[EventDate "2012.04.??"]
[EventType "swiss"]
[EventRounds "9"]
[EventCountry "GER"]
[WhiteTeam "Mühlhof-Rdf. SC"]
[BlackTeam "Recklinghausen 06 SK"]

1. e4 d5 2. exd5 Qxd5 3. Nc3 Qd6 4. d4 c6 5. Nf3 Nf6 6. Be3 Bf5 7. Bd3 Bg4 8.
Be2 e6 9. Qd2 Nbd7 10. Bf4 Qb4 11. Rb1 Qa5 12. a3 Be7 13. O-O O-O 14. b4 Qd8
15. h3 Bh5 16. Rfe1 Nb6 17. Qe3 Nfd5 18. Nxd5 Nxd5 19. Qd2 Nxf4 20. Qxf4 Bg6
21. Rbc1 h6 22. c3 a5 23. Ra1 Bd6 24. Qd2 Qc7 25. Bd3 Bxd3 26. Qxd3 Rfd8 27.
Qe4 Be7 28. Ne5 Bf6 29. Ng4 Bg5 30. Qe2 b6 31. Qc4 Bf4 32. Ne5 Bxe5 33. Rxe5
axb4 34. cxb4 Qd6 35. Re4 Ra7 36. Qc3 Qd5 37. Rg4 h5 38. Rh4 g6 39. Re1 Rda8
40. Ra1 Kh7 41. Qe3 Qd8 42. Qe4 Kg7 43. Rf4 Qd6 44. Rf3 Qd5 45. Qf4 Rd7 46.
Qf6+ Kg8 47. Rf4 Qb3 48. Rf3 Qb2 49. Rd1 Rxa3 50. Rxa3 Qxa3 51. Qf4 Qxb4 52.
Qb8+ Kh7 53. Qc8 Qd6 54. Rc1 b5 55. Rxc6 Qxd4 56. Qa6 Qe5 57. Rc1 b4 58. Qc6
Qd5 59. Qb6 b3 60. Rb1 Rb7 61. Qe3 e5 62. Qe2 f6 63. Rb2 Kg7 64. Rd2 Qxd2 65.
Qxd2 b2 66. Qd5 b1=Q+ 67. Kh2 Qb5 68. Qd6 e4 69. g3 Rd7 70. Qe6 Qd5 71. Qe8 h4
72. gxh4 0-1

[Event "Hessen Senioren-ch 2012  8th"]
[Site "Bad Sooden-Adf. (14.4.-22.4)"]
[Date "2012.04.16"]
[Round "3.58"]
[White "Krueger, Bernhard"]
[Black "Kalix, Wolfgang"]
[Result "0-1"]
[WhiteElo "1530"]
[BlackElo "1891"]
[PlyCount "90"]
[EventDate "2012.04.??"]
[EventType "swiss"]
[EventRounds "9"]
[EventCountry "GER"]
[WhiteTeam "Grunbach SC"]
[BlackTeam "Konstanz SVG"]

1. d4 Nf6 2. Nf3 e6 3. e3 b6 4. Bd3 Be7 5. Nbd2 d6 6. b3 Nbd7 7. Bb2 Bb7 8. Qe2
O-O 9. O-O c5 10. Rfe1 Nd5 11. c4 N5f6 12. Rad1 Qc7 13. e4 cxd4 14. Nxd4 Rad8
15. Bb1 Rfe8 16. N4f3 e5 17. Nf1 Nc5 18. N3d2 Ne6 19. Ne3 Nf4 20. Qf1 Bc8 21.
Ba3 Ng4 22. Nd5 Nxd5 23. exd5 f5 24. h3 Nh6 25. Qe2 Bf6 26. Nf1 Qf7 27. Bc1 f4
28. Nh2 Be7 29. Be4 Nf5 30. Bb2 Rf8 31. Qd3 g6 32. Ng4 Qg7 33. Nh2 Nh4 34. Bf3
Nxf3+ 35. Nxf3 Bf5 36. Qe2 Bf6 37. Nd2 g5 38. Ne4 g4 39. hxg4 Bxg4 40. f3 Bf5
41. Ba3 Bxe4 42. fxe4 Bh4 43. Rf1 Bg3 44. Qh5 Rf6 45. Bxd6 Rfxd6 0-1

[Event "Hessen Senioren-ch 2012  8th"]
[Site "Bad Sooden-Adf. (14.4.-22.4)"]
[Date "2012.04.16"]
[Round "3.59"]
[White "Paulin, Dieter"]
[Black "Busic, Nedjeljko"]
[Result "0-1"]
[WhiteElo "1493"]
[BlackElo "1883"]
[PlyCount "174"]
[EventDate "2012.04.??"]
[EventType "swiss"]
[EventRounds "9"]
[EventCountry "GER"]
[WhiteTeam "Dingelstädt 1921 SK"]
[BlackTeam "Bad Nauheim SC"]

1. d4 Nf6 2. c4 g6 3. Nc3 Bg7 4. e4 d6 5. Nf3 O-O 6. Be2 Nbd7 7. O-O a6 8. Be3
Ng4 9. Bf4 e5 10. Bg3 exd4 11. Nxd4 Nde5 12. h3 Nh6 13. f4 Nc6 14. Nxc6 bxc6
15. Qc2 Qe7 16. Bf3 Rb8 17. Rad1 Be6 18. b3 Rbd8 19. Ne2 c5 20. Bf2 f5 21. exf5
Bxf5 22. Bd5+ Kh8 23. Qd2 Ng8 24. Rfe1 Qd7 25. Kh2 Rde8 26. Bf3 Nf6 27. Ng3
Rxe1 28. Bxe1 Re8 29. Bf2 Qc8 30. Bc6 Bd7 31. Bf3 Re7 32. Re1 Rf7 33. Ne4 Nxe4
34. Bxe4 Rxf4 35. Bg3 Rf8 36. Bf3 Re8 37. Rxe8+ Qxe8 38. Qd5 Be5 39. Bxe5+
Qxe5+ 40. Qxe5+ dxe5 41. g4 Kg7 42. Kg3 Kf6 43. Be4 h6 44. Kf3 a5 45. a4 Be8
46. h4 h5 47. g5+ Ke6 48. Ke3 Kd6 49. Kd3 c6 50. Ke3 Ke6 51. Kf3 Kf7 52. Ke3
Bd7 53. Kd2 Bf5 54. Bxc6 Ke6 55. Bd5+ Kd6 56. Bf3 e4 57. Bd1 Ke5 58. Ke3 Bg4
59. Bc2 Bf3 60. Bb1 Kf5 61. Bc2 Kg4 62. Bxe4 Bxe4 63. Kxe4 Kxh4 64. Kf4 Kh3 65.
Ke5 Kg3 66. Kf6 h4 67. Kxg6 h3 68. Kf7 h2 69. g6 h1=Q 70. g7 Qh7 71. Kf8 Qf5+
72. Ke7 Qg6 73. Kf8 Qf6+ 74. Kg8 Kf4 75. Kh7 Qf7 76. Kh8 Qh5+ 77. Kg8 Ke5 78.
Kf8 Qf5+ 79. Kg8 Ke6 80. Kh8 Qh5+ 81. Kg8 Ke7 82. b4 Qe8+ 83. Kh7 Kf7 84. bxc5
Qg8+ 85. Kh6 Qxg7+ 86. Kh5 Qg3 87. c6 Kf6 0-1